000 00669nam a22002537a 4500
003 UA-OsUOA
001 24560
007 ta
008 20040220b un ||||| |||| 00| 0 ukr d
100 _aМаккей Чарльз
090 _a316.6
_bМ15
942 _cBK
040 _aUA-OsUOA
_brus
_cUA-OsUOA
_dUA-OsUOA
245 _aНаиболее распространенные заблуждения и безумства толпы
300 _a844 с.
955 _a0
041 _arus
080 _a316.6
020 _a5-94599-057-4
260 _aМосква
_bАльпина паблишер
_c2003
044 _aRU
650 7 _2UDC
999 _c310838
_d310838